[Event "Southwest op 85th"]
[Site "Irving"]
[Date "2019.08.29"]
[Round "1"]
[White "Javakhadze, Zurab"]
[Black "Coraretti, Benjamin J"]
[Result "1/2-1/2"]
[WhiteElo "2441"]
[BlackElo "2070"]
[PlyCount "110"]
[EventDate "2019.08.29"]
[EventType "swiss"]
[EventRounds "9"]
[EventCountry "USA"]
[SourceTitle "EXT 2020"]
[Source "ChessBase"]
[SourceDate "2019.10.17"]
[SourceVersion "1"]
[SourceVersionDate "2019.10.17"]
[SourceQuality "1"]

1. d4 Nf6 2. c4 e6 3. Nf3 Bb4+ 4. Nc3 b6 5. g3 Ne4 6. Qc2 f5 7. Bg2 Nc6 8. d5 Na5 9. dxe6 Qf6 10. exd7+ Bxd7 11. Nd2 Bxc3 12. bxc3 0-0 13. Nxe4 fxe4 14. 0-0 Rae8 15. Bxe4 Bh3 16. Ba3 c5 17. Bd5+ Kh8 18. e4 Nxc4 19. f4 Bxf1 20. Rxf1 Ne3 21. Qd3 Nxf1 22. Kxf1 Rd8 23. Kg2 Rxd5 24. exd5 Qf5 25. Qxf5 Rxf5 26. c4 Kg8 27. Kf3 h5 28. Bb2 g6 29. h3 a6 30. Ke4 Kf8 31. a4 Ke8 32. g4 hxg4 33. hxg4 Rf7 34. Ke5 Kd7 35. Bc1 Re7+ 36. Kf6 Re4 37. Kxg6 Rxc4 38. Be3 Re4 39. Bc1 b5 40. axb5 axb5 41. Kf7 Re1 42. Bb2 b4 43. g5 c4 44. Bf6 Rg1 45. g6 Rxg6 46. Kxg6 Kd6 47. f5 c3 48. Bg7 Kxd5 49. f6 b3 50. f7 b2 51. f8Q b1Q+ 52. Kf7 Qf5+ 53. Bf6 Qh7+ 54. Bg7 Qf5+ 55. Bf6 Qh7+ 1/2-1/2

[Event "Denver op"]
[Site "Denver"]
[Date "2019.04.27"]
[Round "2"]
[White "Coraretti, Benjamin J"]
[Black "McConnell, Sullivan Mac"]
[Result "1/2-1/2"]
[WhiteElo "2114"]
[BlackElo "1834"]
[PlyCount "68"]
[EventDate "2019.04.26"]
[EventType "swiss"]
[EventRounds "5"]
[EventCountry "USA"]
[SourceTitle "CBM 190 Extra"]
[Source "ChessBase"]
[SourceDate "2019.07.15"]
[SourceVersion "1"]
[SourceVersionDate "2019.07.15"]
[SourceQuality "1"]

1. Nf3 Nf6 2. c4 c5 3. g3 g6 4. Bg2 Bg7 5. 0-0 0-0 6. Nc3 Nc6 7. d4 cxd4 8. Nxd4 Nxd4 9. Qxd4 d6 10. Qd3 a6 11. Bf4 Qc7 12. Rac1 Be6 13. b3 Rfc8 14. c5 Nh5 15. Nd5 Bxd5 16. Qxd5 Nxf4 17. gxf4 dxc5 18. Qxb7 Qxf4 19. Rxc5 Rxc5 20. Qxa8+ Bf8 21. Qxa6 e6 22. e3 Qh4 23. Qa8 Kg7 24. Qe4 Qf6 25. b4 Rh5 26. a3 Bd6 27. h3 g5 28. Rd1 Be5 29. Rb1 Rh4 30. Qc6 g4 31. hxg4 Rxg4 32. b5 Bh2+ 33. Kxh2 Qxf2 34. Rb4 Qg3+ 1/2-1/2

[Event "Bay Area op"]
[Site "Santa Clara"]
[Date "2014.01.07"]
[Round "8"]
[White "Byambaa, Uyanga"]
[Black "Coraretti, Benjamin J"]
[Result "1/2-1/2"]
[WhiteElo "2028"]
[BlackElo "2170"]
[PlyCount "87"]
[EventDate "2014.01.02"]
[EventType "swiss"]
[EventRounds "9"]
[EventCountry "USA"]
[SourceTitle "CBM 158 Extra"]
[Source "ChessBase"]
[SourceDate "2014.02.28"]
[SourceVersion "1"]
[SourceVersionDate "2014.02.28"]
[SourceQuality "1"]

1. e4 d6 2. d4 Nf6 3. Nc3 c6 4. f4 Qa5 5. Bd3 e5 6. Nf3 Bg4 7. dxe5 dxe5 8. fxe5 Nfd7 9. e6 Bxe6 10. Ng5 Qe5 11. 0-0 Be7 12. Nxe6 Qxe6 13. Qe2 Ne5 14. Bf4 Nbd7 15. Rad1 0-0 16. Kh1 Rfe8 17. a3 Bf8 18. Nb1 b5 19. Nd2 Rad8 20. Nf3 Nxf3 21. Qxf3 f6 22. b4 Ne5 23. Bxe5 Qxe5 24. Qh3 g6 25. Rf3 Bg7 26. Rdf1 a6 27. Qh4 Qg5 28. Qf2 c5 29. bxc5 Rc8 30. c6 Rxc6 31. Qa7 Qc5 32. Qd7 Re5 33. Qd8+ Qf8 34. Qd7 Qd6 35. Qxd6 Rxd6 36. Rb1 Rd4 37. g3 Re7 38. Kg2 Red7 39. Rb3 Kf7 40. h4 Bf8 41. Rc3 Kg7 42. h5 Be7 43. hxg6 hxg6 44. Rc6 1/2-1/2

[Event "Bay Area op"]
[Site "Santa Clara"]
[Date "2014.01.05"]
[Round "5"]
[White "Coraretti, Benjamin J"]
[Black "Studen, Damir"]
[Result "1/2-1/2"]
[WhiteElo "2170"]
[BlackElo "2285"]
[PlyCount "136"]
[EventDate "2014.01.02"]
[EventType "swiss"]
[EventRounds "9"]
[EventCountry "USA"]
[SourceTitle "CBM 158 Extra"]
[Source "ChessBase"]
[SourceDate "2014.02.28"]
[SourceVersion "1"]
[SourceVersionDate "2014.02.28"]
[SourceQuality "1"]

1. d4 d5 2. c4 c6 3. Nf3 Nf6 4. e3 e6 5. Nbd2 Nbd7 6. Bd3 Bd6 7. 0-0 0-0 8. e4 e5 9. cxd5 cxd5 10. exd5 exd4 11. Ne4 Nxe4 12. Bxe4 Nf6 13. Bg5 Be7 14. Bxf6 Bxf6 15. Nxd4 Qb6 16. Nb3 a5 17. Rb1 g6 18. Qf3 Be5 19. Nd2 Qd6 20. g3 b5 21. Rfc1 Bb7 22. Qd3 Qb6 23. a4 bxa4 24. Nc4 Qf6 25. Nxe5 Qxe5 26. Bg2 Rfd8 27. Rd1 Rd6 28. Rd2 Ba6 29. Qa3 Re8 30. h4 Bb5 31. Qc5 Rb8 32. Qc3 Qe8 33. Qxa5 Rc8 34. Qb4 Qd7 35. Rd4 Rf6 36. Qd2 Qd6 37. Rc1 Re8 38. Re1 Rc8 39. Rc1 Re8 40. Bf1 Bxf1 41. Rxf1 Ra8 42. Ra1 Rf5 43. Raxa4 Rxa4 44. Rxa4 Rxd5 45. Ra8+ Kg7 46. Qc3+ Qe5 47. Qxe5+ Rxe5 48. Rb8 Re2 49. Kg2 h5 50. Kf3 Rc2 51. b4 Rb2 52. b5 Kf6 53. b6 Kf5 54. Ke3 f6 55. Kd4 Rxf2 56. Ra8 Rb2 57. Kc5 Rc2+ 58. Kd6 Rb2 59. Kc7 Kg4 60. Rg8 Kxg3 61. Rxg6+ Kxh4 62. Rxf6 Kg5 63. Rc6 h4 64. b7 Rxb7+ 65. Kxb7 h3 66. Rc8 Kg4 67. Kc6 h2 68. Rh8 Kg3 1/2-1/2

[Event "Las Vegas National op"]
[Site "Las Vegas"]
[Date "2013.06.09"]
[Round "6"]
[White "Coraretti, Benjamin J"]
[Black "Wheeler, Cameron"]
[Result "1-0"]
[WhiteElo "2151"]
[BlackElo "2215"]
[PlyCount "56"]
[EventDate "2013.06.07"]
[EventType "swiss"]
[EventRounds "6"]
[EventCountry "USA"]
[SourceTitle "CBM 154 Extra"]
[Source "ChessBase"]
[SourceDate "2013.06.25"]
[SourceVersion "2"]
[SourceVersionDate "2013.06.25"]
[SourceQuality "1"]

1. e4 e6 2. d4 d5 3. Nc3 Nf6 4. Bg5 dxe4 5. Nxe4 Be7 6. Nxf6+ Bxf6 7. Bxf6 Qxf6 8. Nf3 0-0 9. Bd3 c5 10. 0-0 Nc6 11. dxc5 Qxb2 12. Qc1 Qxc1 13. Rfxc1 Bd7 14. Rab1 Rab8 15. Rb3 Rfc8 16. Rcb1 Na5 17. Rc3 b6 18. Ba6 bxc5 19. Rxb8 Rxb8 20. Rxc5 Rb1+ 21. Bf1 Nc6 22. g3 Kf8 23. Kg2 Ke7 24. Rc3 e5 25. Bc4 f6 26. Bd5 Kd6 27. Bg8 h6 28. Nd2 Bf5 1-0

[Event "Philadelphia op 7th"]
[Site "Philadelphia"]
[Date "2013.03.30"]
[Round "6"]
[White "Homa, Seth"]
[Black "Coraretti, Benjamin J"]
[Result "1/2-1/2"]
[WhiteElo "2307"]
[BlackElo "2123"]
[PlyCount "99"]
[EventDate "2013.03.27"]
[EventType "swiss"]
[EventRounds "9"]
[EventCountry "USA"]
[SourceTitle "CBM 153 Extra"]
[Source "ChessBase"]
[SourceDate "2013.04.22"]
[SourceVersion "1"]
[SourceVersionDate "2013.04.22"]
[SourceQuality "1"]

1. d4 d5 2. c4 c6 3. Nf3 Nf6 4. e3 Bf5 5. Nc3 e6 6. Nh4 Bg6 7. Be2 Nbd7 8. g3 a6 9. Qb3 b5 10. cxd5 cxd5 11. Nxg6 hxg6 12. Bf3 Nb6 13. e4 dxe4 14. Nxe4 Nxe4 15. Bxe4 Nd5 16. 0-0 Be7 17. Re1 Ra7 18. a4 b4 19. Bd2 a5 20. Rac1 0-0 21. Rc6 Rd7 22. Be3 Bg5 23. Qc2 Bxe3 24. fxe3 Qg5 25. Qf2 Rb8 26. Rc5 Qd8 27. Rec1 Qg5 28. Bxd5 Rxd5 29. Qf4 Qxf4 30. gxf4 Rbd8 31. Rxd5 Rxd5 32. Rc8+ Kh7 33. Rc4 Rf5 34. h4 Rh5 35. Rc5 Kg8 36. Rc8+ Kh7 37. Ra8 Rxh4 38. Rxa5 Rh3 39. Re5 g5 40. Kg2 g4 41. f5 exf5 42. d5 f4 43. exf4 Rb3 44. Re2 Rd3 45. b3 Rxb3 46. Rd2 Rc3 47. d6 Rc8 48. a5 b3 49. d7 Rd8 50. a6 1/2-1/2

[Event "Philadelphia int op 9th"]
[Site "Philadelphia"]
[Date "2012.07.01"]
[Round "6"]
[White "Arias Santana, Mauricio"]
[Black "Coraretti, Benjamin J"]
[Result "1-0"]
[WhiteElo "2316"]
[BlackElo "2066"]
[PlyCount "117"]
[EventDate "2012.06.29"]
[EventType "swiss"]
[EventRounds "9"]
[EventCountry "USA"]
[SourceTitle "CBM 149 Extra"]
[Source "ChessBase"]
[SourceDate "2012.08.24"]
[SourceVersion "1"]
[SourceVersionDate "2012.08.24"]
[SourceQuality "1"]

1. d4 d5 2. c4 e5 3. e3 Nc6 4. Nf3 Bg4 5. Nc3 Nf6 6. cxd5 Nxd5 7. Qb3 Bxf3 8. gxf3 Nb6 9. d5 Ne7 10. e4 a6 11. Be3 Ng6 12. 0-0-0 Bd6 13. Ne2 Qd7 14. h4 Qa4 15. Qxa4+ Nxa4 16. h5 Nf8 17. f4 exf4 18. Nxf4 0-0-0 19. Nd3 Nd7 20. f4 Rhe8 21. e5 f6 22. e6 Ndb6 23. Nf2 Bf8 24. Bg2 Nc4 25. Bd4 Nab6 26. b3 Na3 27. Be3 Nb5 28. Rd3 Bb4 29. Kc2 Kb8 30. Rhd1 Nd6 31. Ne4 Nf5 32. Bf2 Nc8 33. Bh3 Nce7 34. Nc5 Bxc5 35. Bxc5 g6 36. hxg6 hxg6 37. R1d2 Rh8 38. Kb2 Rh4 39. Bxf5 Nxf5 40. Rg2 b6 41. d6 Nxd6 42. Bxd6 cxd6 43. e7 Re8 44. Rxd6 Kc7 45. Rxf6 Rxe7 46. Rgxg6 b5 47. Ka3 a5 48. Ra6 b4+ 49. Ka4 Re2 50. Ra7+ Kb8 51. Rf7 Rxa2+ 52. Kb5 Rh8 53. Rb6+ Kc8 54. Ra6 Kb8 55. f5 Rd8 56. f6 a4 57. Rxa4 Rxa4 58. Kxa4 Rd4 59. Re7 1-0

[Event "Philadelphia int op 9th"]
[Site "Philadelphia"]
[Date "2012.07.01"]
[Round "5"]
[White "Vazquez Reyes, Raul"]
[Black "Coraretti, Benjamin J"]
[Result "1/2-1/2"]
[WhiteElo "2298"]
[BlackElo "2066"]
[PlyCount "59"]
[EventDate "2012.06.29"]
[EventType "swiss"]
[EventRounds "9"]
[EventCountry "USA"]
[SourceTitle "CBM 149 Extra"]
[Source "ChessBase"]
[SourceDate "2012.08.24"]
[SourceVersion "1"]
[SourceVersionDate "2012.08.24"]
[SourceQuality "1"]

1. e4 e5 2. Nf3 Nc6 3. Bb5 Nf6 4. Qe2 Bc5 5. d3 d6 6. c3 0-0 7. Bg5 a6 8. Ba4 Ba7 9. Nbd2 h6 10. Bh4 Bd7 11. Nf1 Ne7 12. Bxd7 Nxd7 13. Ne3 Qe8 14. 0-0 Ng6 15. Bg3 Nc5 16. Nh4 Qb5 17. Nc4 Nxh4 18. Bxh4 Ne6 19. a4 Qd7 20. Qg4 Nc5 21. Qxd7 Nxd7 22. b4 f5 23. exf5 Rxf5 24. Kh1 Nf6 25. f3 Nd5 26. Rac1 Nf4 27. Nb2 a5 28. Bf2 Bxf2 29. Rxf2 Nd5 30. b5 1/2-1/2

[Event "Chicago op 20th"]
[Site "Wheeling"]
[Date "2011.05.27"]
[Round "3"]
[White "Coraretti, Benjamin J"]
[Black "Stopa, Jacek"]
[Result "0-1"]
[WhiteElo "2051"]
[BlackElo "2460"]
[PlyCount "40"]
[EventDate "2011.05.26"]
[EventType "swiss"]
[EventRounds "9"]
[EventCountry "USA"]
[SourceTitle "CBM 142 Extra"]
[Source "ChessBase"]
[SourceDate "2011.06.27"]
[SourceVersion "1"]
[SourceVersionDate "2011.06.27"]
[SourceQuality "1"]

1. d4 d5 2. c4 c6 3. Nf3 Nf6 4. e3 a6 5. Bd3 Bg4 6. Nbd2 Nbd7 7. Qb3 Qc7 8. 0-0 e6 9. h3 Bh5 10. Nh4 Be7 11. f4 c5 12. cxd5 Nxd5 13. Nf5 Bf8 14. Ng3 Bg6 15. Bxg6 hxg6 16. e4 Nxf4 17. Qf3 g5 18. Nb3 cxd4 19. Bxf4 Qxf4 20. Qd3 Ne5 0-1

[Event "USA-ch U18"]
[Site "Dallas"]
[Date "2006.07.20"]
[Round "8"]
[White "Coraretti, Benjamin J"]
[Black "Bercys, Salvijus"]
[Result "0-1"]
[WhiteElo "1974"]
[BlackElo "2368"]
[PlyCount "66"]
[EventDate "2006.07.15"]
[EventType "tourn"]
[EventRounds "9"]
[EventCountry "USA"]
[EventCategory "2"]
[SourceTitle "CBM 113 Extra"]
[Source "ChessBase"]
[SourceDate "2006.09.14"]
[SourceVersion "1"]
[SourceVersionDate "2006.09.14"]
[SourceQuality "1"]

1. e4 c5 2. d4 cxd4 3. c3 dxc3 4. Nxc3 e6 5. Nf3 Nc6 6. Bc4 a6 7. 0-0 Nge7 8. Bg5 f6 9. Be3 Ng6 10. Nd4 Be7 11. f4 0-0 12. f5 Nge5 13. Bb3 Bc5 14. Kh1 Nxd4 15. Bxd4 Bxd4 16. Qxd4 b5 17. a4 bxa4 18. Nxa4 Rb8 19. Ba2 Qe7 20. Nc5 Kh8 21. Rfd1 a5 22. Qc3 Rb5 23. Rac1 exf5 24. exf5 Bb7 25. Nxb7 Rxb7 26. Qxa5 Rxb2 27. Rd2 Qb4 28. Qxb4 Rxb4 29. h3 h5 30. g4 Kh7 31. Rc3 Kh6 32. gxh5 Rf4 33. Bb1 Rf1+ 0-1

[Event "USA-ch U18"]
[Site "Dallas"]
[Date "2006.07.18"]
[Round "5"]
[White "Coraretti, Benjamin J"]
[Black "Kleiman, Jake"]
[Result "0-1"]
[WhiteElo "1974"]
[BlackElo "2271"]
[PlyCount "52"]
[EventDate "2006.07.15"]
[EventType "tourn"]
[EventRounds "9"]
[EventCountry "USA"]
[EventCategory "2"]
[SourceTitle "CBM 113 Extra"]
[Source "ChessBase"]
[SourceDate "2006.09.14"]
[SourceVersion "1"]
[SourceVersionDate "2006.09.14"]
[SourceQuality "1"]

1. e4 c5 2. d4 cxd4 3. c3 Nf6 4. e5 Nd5 5. Nf3 e6 6. cxd4 d6 7. Nc3 Nxc3 8. bxc3 Nd7 9. Bf4 Qc7 10. Qc2 dxe5 11. Nxe5 Bd6 12. Nxd7 Bxd7 13. Bxd6 Qxd6 14. Bd3 h6 15. 0-0 0-0 16. f4 Rac8 17. a4 Rc7 18. Rf3 Rfc8 19. Rc1 Kf8 20. Kh1 Rxc3 21. Qxc3 Rxc3 22. Rxc3 Qxd4 23. Bc2 Bc6 24. Rcd3 Qc5 25. Rc3 Qb4 26. Rfd3 Qxf4 0-1

[Event "USA-ch U18"]
[Site "Dallas"]
[Date "2006.07.18"]
[Round "6"]
[White "Maltese, Adam"]
[Black "Coraretti, Benjamin J"]
[Result "0-1"]
[WhiteElo "2216"]
[BlackElo "1974"]
[PlyCount "92"]
[EventDate "2006.07.15"]
[EventType "tourn"]
[EventRounds "9"]
[EventCountry "USA"]
[EventCategory "2"]
[SourceTitle "CBM 113 Extra"]
[Source "ChessBase"]
[SourceDate "2006.09.14"]
[SourceVersion "1"]
[SourceVersionDate "2006.09.14"]
[SourceQuality "1"]

1. Nf3 d5 2. c4 dxc4 3. Na3 c5 4. Nxc4 Nc6 5. g3 f6 6. Bg2 e5 7. d3 Nge7 8. 0-0 Be6 9. b3 Qd7 10. Be3 Nf5 11. Bd2 Be7 12. Rc1 0-0 13. Ne3 Nfd4 14. Nxd4 cxd4 15. Nc4 Rac8 16. f4 Bd5 17. e4 dxe3 18. Bxe3 Bxg2 19. Kxg2 Qd5+ 20. Qf3 Qxf3+ 21. Rxf3 exf4 22. Bxf4 Nd4 23. Rff1 Rfd8 24. Rfe1 Bb4 25. Re4 b5 26. a3 Bf8 27. Na5 Rxc1 28. Bxc1 Nc2 29. a4 bxa4 30. bxa4 Rxd3 31. Nc6 Bc5 32. Rc4 Ne3+ 33. Bxe3 Bxe3 34. Ne7+ Kf7 35. Rc7 Bb6 36. Rb7 Ke6 37. Nc8 Rd7 38. Rb8 Rd8 39. a5 Bxa5 40. Rb7 Rxc8 41. Rxa7 Rc2+ 42. Kh3 Bc7 43. Ra6+ Kf5 44. Ra1 g5 45. g4+ Kg6 46. Rh1 Rxh2+ 0-1

[Event "World op 34th"]
[Site "Philadelphia"]
[Date "2006.06.29"]
[Round "2"]
[White "Coraretti, Benjamin J"]
[Black "Taylor, Timothy"]
[Result "0-1"]
[WhiteElo "1965"]
[BlackElo "2330"]
[PlyCount "54"]
[EventDate "2006.06.28"]
[EventType "swiss"]
[EventRounds "9"]
[EventCountry "USA"]
[SourceTitle "CBM 112 Extra"]
[Source "ChessBase"]
[SourceDate "2006.07.14"]
[SourceVersion "1"]
[SourceVersionDate "2006.07.14"]
[SourceQuality "1"]

1. e4 Nc6 2. d4 d6 3. Nc3 Nf6 4. f4 e5 5. Nf3 exd4 6. Nxd4 Bg4 7. Nxc6 bxc6 8. Be2 Bxe2 9. Qxe2 Be7 10. 0-0 0-0 11. Be3 Qd7 12. Rad1 Rfe8 13. Bd4 Qg4 14. Qxg4 Nxg4 15. h3 Nf6 16. g4 Nd7 17. g5 Bf8 18. b3 a5 19. Rd2 g6 20. f5 c5 21. Bf2 a4 22. f6 axb3 23. cxb3 c4 24. bxc4 Ne5 25. Kg2 Nxc4 26. Re2 Ra5 27. Rb1 Rxg5+ 0-1

[Event "World op 33rd"]
[Site "Philadelphia"]
[Date "2005.06.01"]
[Round "4"]
[White "Patterson, Roger"]
[Black "Coraretti, Benjamin J"]
[Result "1/2-1/2"]
[WhiteElo "2179"]
[BlackElo "1887"]
[PlyCount "21"]
[EventDate "2005.06.??"]
[EventType "swiss"]
[EventRounds "9"]
[EventCountry "USA"]
[SourceTitle "EXT 2006"]
[Source "ChessBase"]
[SourceDate "2005.11.24"]
[SourceVersion "1"]
[SourceVersionDate "2005.11.24"]
[SourceQuality "1"]

1. e4 e5 2. Nf3 Nc6 3. Bb5 Bc5 4. 0-0 Nf6 5. c3 0-0 6. d4 Bb6 7. Re1 exd4 8. cxd4 d5 9. e5 Ne4 10. Nc3 Bg4 11. Bxc6 1/2-1/2